000
00361nam a2200157Ia 4500
003
0STCL
008
150530s9999 xx 000 0 und d
040
_a
STCL
_c
STCL
100
_a
Balaram,P; Ramaseshan,S Ed.
245
_a
Current science Vol-82 Mar.
260
_c
2002
546
_a
English
942
_2
ddc
_c
BK
999
_c
18324
_d
18324
005
20220125165824.0